Sudden death- Languages - Statistics

General Stats
  • This quiz has been taken 88 times
  • The average score is 5 of 13
Answers on the Grid
Answers color-coded by a green-red scale on the quiz's grid according to % correct below.
Wolof
Marshallese
Aleut
Nigerian
Somali
Afghan
Persian
nauruan
allanian
Uyghur
Cherokee
Arabian
hungarian
german
lemerig
pitkairn
ottomanian
californian
mandarinese
igbo
british
 
Answer Stats
Answer % Correct
german
71%
Persian
57%
hungarian
54%
igbo
49%
Somali
49%
Cherokee
40%
Uyghur
37%
Wolof
33%
Aleut
29%
Marshallese
25%
nauruan
22%
lemerig
13%
pitkairn
10%
No matching quizzes found
Score Distribution
Percent of People with Each Score
Percentile by Number Answered
Your Score History
You have not taken this quiz